000 00668nam a2200217Ii 4500
003 JO-AjNU
008 230606s9999||||xx |||||||||||||| ||und||
020 _a0-13-060518-2
040 _aJO-AjNU
_beng
_erda
_cJO-AjNU
041 _aeng
050 1 4 _aHG4026.B318.1988
100 3 _aScott, Jr, David F, John D. Martin, J. William Petty, Arthur J. Keown ,
_eauthor
_96795
245 0 0 _aBasic Financial Management
250 _a4th ed
264 3 1 _a Prentice-Hall International,1988
300 _a851p
336 _atext
_btxt
_2rdacontent
337 _aunmediated
_bn
_2rdamedia
338 _avolume
_bnc
_2rdacarrier
650 4 _aCorporations -- Finance.
_96796
999 _aE3540
_c3522
_d3522